Hidrología de España / (Record no. 100422)

MARC details
000 -LEADER
campo de control de longitud fija 00698nam a2200229 i 4500
001 - NÚMERO DE CONTROL
campo de control 100422
003 - IDENTIFICADOR DE NÚMERO DE CONTROL
campo de control ES-MaACL
005 - FECHA Y HORA DE LA ÚLTIMA TRANSACCIÓN
campo de control 20250829065818.0
007 - CAMPO FIJO DE DESCRIPCIÓN FÍSICA--INFORMACIÓN GENERAL
campo de control de longitud fija t|
008 - DATOS DE LONGITUD FIJA--INFORMACIÓN GENERAL
campo de control de longitud fija 050928s1960 sp ||||1| spa d
100 1# - ENTRADA PRINCIPAL--NOMBRE DE PERSONA
Nombre de persona Masachs Alavedra, Valentín.
9 (RLIN) 78658
245 10 - MENCIÓN DEL TÍTULO
Título Hidrología de España /
Mención de responsabilidad, etc. Valentín Masachs Alavedra; J. García Tolsá.
250 ## - MENCION DE EDICION
Mención de edición [1ª ed.].
260 ## - PUBLICACIÓN, DISTRIBUCIÓN, ETC.
Lugar de publicación, distribución, etc. Barcelona :
Nombre del editor, distribuidor, etc. Teide,
Fecha de publicación, distribución, etc. 1960.
300 ## - DESCRIPCIÓN FÍSICA
Extensión 278 p. ;
Dimensiones 19 cm.
490 1# - MENCIÓN DE SERIE
Mención de serie Durán y Bas ;
Designación de volumen o secuencia 9
650 04 - PUNTO DE ACCESO ADICIONAL DE MATERIA--TÉRMINO DE MATERIA
Término de materia o nombre geográfico como elemento de entrada Hidrología-
Subdivisión geográfica España.
9 (RLIN) 13340
700 1# - ENTRADA AGREGADA--NOMBRE PERSONAL
Nombre de persona García Tolsá, Jesús
9 (RLIN) 55332
830 0# - PUNTO DE ACCESO ADICIONAL DE SERIE-TÍTULO UNIFORME
Título uniforme Durán y Bas ;
Designación de volumen o secuencia 9
9 (RLIN) 232433
852 ## - LOCALIZACIÓN
Ubicación ES-MaACL
Número de control de estantería F-224
Sublocalización o colección R.47811
Holdings
Estatus retirado Estado de pérdida Estado de daño No para préstamo Biblioteca de origen Biblioteca actual Ubicación en estantería Fecha de adquisición Fuente de adquisición Total de préstamos Signatura topográfica completa Código de barras Visto por última vez Precio de reemplazo Tipo de ítem Koha
        Biblioteca del Ateneo de Madrid Biblioteca del Ateneo de Madrid Depósito 2 17/01/2008     F-224 1104852 23/02/2023 23/02/2023 Libro impreso